000 01036nam a2200253Ia 4500
003 OSt
005 20221005112602.0
006 a|||||r|||| 00| 0
007 ta
008 221004b |||||||| |||| 00| 0 pan d
020 _a9789383296606 (hbk)
_cINR 595.00
024 _a66852
037 _bSP/5347, 15/02/2020, Star Publications Pvt. Ltd.
_cTextual
040 _aCRL
_cCRL
_bpan
041 _2pan
_apan
082 _aV2:51y7NO7, 153Q9
100 _aਸਿੱਧੂ, ਗੁਰਦੇਵ ਸਿੰਘ, ਥਦ.
_9156325
245 0 _aਕਾਰਵਾਈ ਮੁਕੱਦਮਾ Fਹੀਦ ਭਗਤ ਸਿੰਘ ਅਤੇ ਸਾਥੀ
260 _aਚੰਡੀਗੜ੍ਹ
_bਲੋਕਗੀਤ ਪ੍ਰਕਾFਨ ਭਾਰਤ
_c2019
300 _a492ਪ੍ਰ0
_ccm.
650 _aFਹੀਦ ਭਗਤ ਸਿੰਘ
_9624322
942 _hV2:51y7NO7, 153Q9
_cTEXL
_2cc
999 _c1025339
_d1025339